Codex alimentarius: Food hygiene (basic texts)
Shranjeno v:
| Korporativna značnica: | |
|---|---|
| Format: | Knjiga |
| Jezik: | Undetermined |
| Izdano: |
Rome, Italy
FAO
2004
|
| Teme: | |
| Oznake: |
Označite
Brez oznak, prvi označite!
|
| Thư viện lưu trữ: | Trung tâm Học liệu Trường Đại học Cần Thơ |
|---|
| LEADER | 00459nam a2200181Ia 4500 | ||
|---|---|---|---|
| 001 | CTU_69281 | ||
| 008 | 210402s9999 xx 000 0 und d | ||
| 082 | |a 348 | ||
| 082 | |b F218 | ||
| 110 | |a FAO | ||
| 245 | 0 | |a Codex alimentarius: Food hygiene (basic texts) | |
| 245 | 0 | |c FAO | |
| 260 | |a Rome, Italy | ||
| 260 | |b FAO | ||
| 260 | |c 2004 | ||
| 650 | |a Food law and legislation | ||
| 904 | |i Minh | ||
| 980 | |a Trung tâm Học liệu Trường Đại học Cần Thơ | ||